000 00634nam a22002297a 4500
003 UA-OsUOA
001 30619
007 ta
008 20041111b un ||||| |||| 00| 0 ukr d
090 _a821.1611
_bП89
942 _cBK
040 _aUA-OsUOA
_brus
_cUA-OsUOA
_dUA-OsUOA
245 _aПустозерский сборник
_bАвтографы сочиненний Аввакума и Епифания
_cРед. Н.Г.Гилинская
300 _a264 с.
955 _a0
041 _arus
080 _a821.1611
260 _aЛенинград
_bНаука
_c1975
044 _aRU
650 7 _2UDC
999 _c317032
_d317032